[Event "XII Figueira da Foz Open 2018"]
[Site "Figueira da Foz"]
[Date "2018.10.30"]
[Round "3"]
[White "Marques, Joao Paulo C Veloso"]
[Black "Guerreiro, Nuno"]
[Result "1-0"]
[WhiteElo "1807"]
[BlackElo "2069"]
[Annotator "NA RC"]
[PlyCount "111"]
[EventDate "2018.10.30"]
[EventType "swiss"]
[EventCountry "POR"]
[SourceTitle "playchess.com"]
[Source "ChessBase"]
[SourceQuality "1"]
[TimeControl "40/5400+30:1800+30"]

{[%evp 12,106,24,17,10,32767,32767,32767,9,7,10,15,25,8,32767,32767,27,-4,6,11,19,-2,17,0,0,-19,-10,-16,-4,-8,0,-21,-24,32767,32767,32767,32767,-28,0,32767,32767,32767,6,0,0,0,0,0,0,0,0,0,0,-8,0,0,29,0,32767,32767,32767,32767,352,325,360,361,349,596,636,1395,1106,1318,1390,32767,32767,32767,32767,32767,5110,6094,5065,11286,1682,12229,12843,29979,29979,12846,29978,29982,29982,32767,32767,32767,32767,12848,29986]} 1. c4 e5 2. g3 Nf6 3. Bg2 Nc6 4. Nc3 Bc5 5. Nf3 d6 6. O-O a6 {LiveBook: 136 Games} 7. d3 O-O 8. a3 h6 9. Bd2 {A29: English Opening: Four Knights Variation with 4 g3} (9. b4 Ba7 10. Bb2 Re8 11. e3 Ne7 12. Nd2 Rb8 13. Nde4 Ng6 14. Rc1 c6 15. c5 Nxe4 16. Nxe4 d5 17. Nd6 Bd7 18. Nxe8 Qxe8 {0-1 (44) Grischuk,A (2754)-Carlsen,M (2857) chess.com INT 2016}) 9... Ne7 10. b4 Ba7 11. a4 $146 ({Predecessor:} 11. Rc1 Ng6 12. e3 c6 13. Ne4 Ne8 14. Bc3 Bg4 15. Qb3 Qd7 16. Ned2 Nc7 17. d4 exd4 18. Bxd4 Bxd4 19. Nxd4 {½-½ (46) Martin Hernandez,R (2128)-Valmana Canto,J (2338) Almansa 2011}) 11... Ng6 12. b5 Bc5 13. Qc2 Re8 14. Rab1 axb5 15. axb5 c6 16. e4 Be6 17. Ra1 Qd7 18. Ra4 Rxa4 19. Qxa4 Rd8 20. Ra1 Qc7 21. Qc2 d5 22. cxd5 cxd5 23. Rc1 Rc8 24. Qb2 Qd6 25. Nxd5 Nxd5 26. exd5 Bxd5 27. Be3 Rc7 28. Bxc5 Rxc5 29. h4 Rxc1+ 30. Qxc1 Ne7 31. Qc3 f6 32. Ne1 Bxg2 33. Nxg2 Kh7 34. Ne3 (34. Qc4 $5 {[%cal Rc4e4]}) 34... Qb6 35. Qc4 Qd6 36. Qe4+ f5 37. Nxf5 Nxf5 38. Qxf5+ Qg6 39. Qxg6+ Kxg6 40. Kg2 Kf5 41. Kf3 h5 42. b6 Ke6 43. Ke4 Kd6 44. f3 Kc6 45. Kxe5 Kxb6 46. d4 Kc7 47. Kd5 Kd7 48. g4 g6 49. gxh5 gxh5 50. f4 Ke7 51. Kc5 Ke6 52. d5+ Kd7 53. f5 $18 Ke7 54. Kb6 Kd6 55. f6 Kxd5 56. f7 1-0

[Event "XII Figueira da Foz Open 2018"]
[Site "Figueira da Foz"]
[Date "2018.10.30"]
[Round "3"]
[White "Morais, Mario Martins Freit"]
[Black "Puglia, Francesco"]
[Result "0-1"]
[WhiteElo "1766"]
[BlackElo "1803"]
[Annotator "NA RC"]
[PlyCount "62"]
[EventDate "2018.10.30"]
[EventType "swiss"]
[EventCountry "POR"]
[SourceTitle "playchess.com"]
[Source "ChessBase"]
[SourceQuality "1"]
[TimeControl "40/5400+30:1800+30"]

{[%evp 13,62,-15,-2,-31,-15,32767,-7,-20,32767,32767,32767,32767,32767,-347,-335,-335,-262,-240,-237,-288,-279,-372,-356,32767,32767,32767,-373,-377,-383,-459,-456,-457,-370,-371,-333,-476,32767,32767,32767,32767,32767,32767,-985,32767,-970,-1261,-1505,-1732,-5062,-29979,-29987]} 1. d4 {[%emt 0:00:00]} Nf6 {[%emt 0:04:04]} 2. Bf4 {[%emt 0:00:00]} g6 {[%emt 0:00:17]} 3. e3 {[%emt 0:00:22]} Bg7 {[%emt 0:00:01]} 4. Nd2 {[%emt 0:01:42]} d6 {[%emt 0:02:10]} 5. Bd3 {[%emt 0:00:28]} Nbd7 {[%emt 0:01:00]} 6. Ngf3 {[%emt 0:00:31]} O-O {[%emt 0:05:17]} 7. a4 $146 {[%emt 0:26:41] A48: Königsindisch (ohne c2-c4)} ({Vorgänger:} 7. O-O Re8 8. c3 e5 9. Bg5 h6 10. Bxf6 Nxf6 11. Qc2 Qe7 12. e4 c6 13. a4 a5 14. Rfe1 Nh5 15. g3 {0-1 (43) Duda,L (2201)-Stoma,P (2317) Pokrzywna 2018}) 7... c5 {[%emt 0:08:52]} 8. c3 {[%emt 0:00:30]} e5 {[%emt 0:01:51]} 9. Bg5 {[%emt 0:14:36]} h6 {[%emt 0:05:45]} 10. Bh4 {[%emt 0:01:42]} g5 {[%emt 0:15:08]} 11. Bg3 {[%emt 0:00:16]} Nh5 {[%emt 0:13:00]} 12. Ne4 {[%emt 0:20:21]} d5 {[%emt 0:15:33]} 13. Bc2 $2 {[%emt 0:18:30]} (13. Nexg5 $17 {was necessary.} hxg5 14. Nxe5) 13... dxe4 {[%emt 0:01:10]} 14. Nxe5 {[%emt 0:00:30]} Nxe5 {[%emt 0:01:02]} 15. Bxe5 {[%emt 0:00:43]} Bxe5 {[%emt 0:04:22]} 16. Qxh5 {[%emt 0:00:04]} Bg7 {[%emt 0:00:14]} 17. Bxe4 {[%emt 0:01:47]} cxd4 {[%emt 0:03:39]} 18. cxd4 {[%emt 0:01:24]} Qe7 {[%emt 0:00:56]} 19. Bf3 {[%emt 0:00:48]} Qb4+ {[%emt 0:02:31]} 20. Kf1 {[%emt 0:00:01]} Bf5 {[%emt 0:00:47]} 21. g4 {[%emt 0:00:17]} Bg6 {[%emt 0:01:03]} 22. Qh3 {[%emt 0:00:02]} Qxb2 {[%emt 0:01:22]} 23. Kg2 {[%emt 0:00:13]} f5 {[%emt 0:01:29]} 24. Bd5+ {[%emt 0:02:56]} Kh7 {[%emt 0:00:08]} 25. Ra2 {[%emt 0:00:15]} Qb6 {[%emt 0:04:08]} 26. gxf5 {[%emt 0:01:53]} Rxf5 {[%emt 0:00:58]} 27. e4 {[%emt 0:02:16] [#]} Rxd5 $1 {[%emt 0:00:12]} 28. exd5 {[%emt 0:00:37]} Qxd4 {[%emt 0:02:11]} 29. Re2 {[%emt 0:02:11]} g4 {[%emt 0:02:10]} 30. Qe3 {[%emt 0:00:57]} Qxd5+ {[%emt 0:00:16]} 31. Kg3 {[%emt 0:00:08]} Qxh1 {[%emt 0:00:26]} 0-1

[Event "XII Figueira da Foz Open 2018"]
[Site "Figueira da Foz"]
[Date "2018.10.30"]
[Round "3"]
[White "Dias, Jose Oliveira Gaspa"]
[Black "Correia, Pedro Mourao Soares"]
[Result "1-0"]
[WhiteElo "1605"]
[BlackElo "1518"]
[Annotator "NA RC"]
[PlyCount "103"]
[EventDate "2018.10.30"]
[EventType "swiss"]
[EventCountry "POR"]
[SourceTitle "playchess.com"]
[Source "ChessBase"]
[SourceQuality "1"]
[TimeControl "40/5400+30:1800+30"]

1. Nf3 {[%emt 0:00:00]} Nf6 {[%emt 0:01:21]} 2. g3 {[%emt 0:00:32]} c6 {[%emt 0:03:25]} 3. Bg2 {[%emt 0:00:08]} d5 {[%emt 0:00:25]} 4. O-O {[%emt 0:00:07]} Bf5 {[%emt 0:00:35]} 5. d3 {[%emt 0:00:24]} Nbd7 {[%emt 0:04:09]} 6. Nbd2 {[%emt 0:00:52]} e5 {[%emt 0:02:10]} 7. Qe1 {[%emt 0:03:07]} Bd6 {[%emt 0:03:28]} 8. e4 {[%emt 0:00:17]} Be6 {[%emt 0:04:00]} 9. Ng5 {[%emt 0:05:35]} Bg4 {[%emt 0:04:56]} 10. exd5 {[%emt 0:05:18]} cxd5 {[%emt 0:01:54]} 11. c4 {[%emt 0:00:33]} h6 {[%emt 0:04:40]} 12. Ngf3 {[%emt 0:03:39]} O-O {[%emt 0:02:53]} 13. cxd5 {[%emt 0:03:21]} Bb4 {[%emt 0:10:00]} 14. a3 {[%emt 0:04:51]} Ba5 {[%emt 0:02:15]} 15. b4 {[%emt 0:02:40]} Bb6 {[%emt 0:01:11]} 16. h3 {[%emt 0:01:11]} Bf5 {[%emt 0:00:57]} 17. Ne4 {[%emt 0:01:37]} Nxd5 {[%emt 0:03:12]} 18. Bb2 {[%emt 0:00:35]} Qe7 {[%emt 0:04:14]} 19. Rc1 {[%emt 0:05:18]} a5 {[%emt 0:04:31]} 20. b5 {[%emt 0:06:37]} f6 {[%emt 0:01:44]} 21. Nfd2 {[%emt 0:08:02]} Qe6 {[%emt 0:04:18]} 22. Kh2 Qe7 {[%emt 0:06:51]} 23. Qe2 {[%emt 0:14:23]} Be6 {[%emt 0:00:59]} 24. Nc4 {[%emt 0:03:37]} Bc5 {[%emt 0:04:34]} 25. a4 {[%emt 0:04:37]} Bb4 {[%emt 0:01:22]} 26. Rc2 {[%emt 0:09:44]} N7b6 {[%emt 0:00:25]} 27. Ra1 {[%emt 0:02:50]} Rfd8 {[%emt 0:03:03]} 28. Nxb6 Nxb6 29. Qe3 {[%emt 0:02:09]} Nd5 {[%emt 0:03:09]} 30. Qe2 {[%emt 0:00:56]} Nb6 {[%emt 0:03:39]} 31. Nd2 {[%emt 0:02:50]} Bxd2 {[%emt 0:00:55]} 32. Qxd2 {[%emt 0:01:05]} Bb3 {[%emt 0:02:57]} 33. Ba3 {[%emt 0:00:16]} Qd7 {[%emt 0:01:27]} 34. Rc3 {[%emt 0:00:33]} Bxa4 {[%emt 0:03:54]} 35. Bc5 {[%emt 0:00:45]} Qxb5 {[%emt 0:01:09]} 36. Bxb6 {[%emt 0:00:32]} Qxb6 {[%emt 0:03:10]} 37. Rxa4 {[%emt 0:00:10]} Rd7 {[%emt 0:01:32]} 38. Qa2+ {[%emt 0:03:59]} Kh8 {[%emt 0:00:30]} 39. Be4 {[%emt 0:03:01]} Qa7 {[%emt 0:02:44]} 40. Rac4 {[%emt 0:00:00]} Rad8 {[%emt 0:00:00]} 41. Rc8 {[%emt 0:02:23]} b5 {[%emt 0:05:02]} 42. Kg2 {[%emt 0:00:28]} Rd6 {[%emt 0:02:32]} 43. R8c7 {[%emt 0:01:15]} Qd4 {[%emt 0:01:25]} 44. Qf7 {[%emt 0:02:12]} R6d7 {[%emt 0:00:52]} 45. Qg6 {[%emt 0:01:17]} f5 {[%emt 0:03:12]} 46. Bxf5 {[%emt 0:00:07]} Qd5+ {[%emt 0:05:14]} 47. Kh2 {[%emt 0:01:49]} Qg8 {[%emt 0:02:30]} 48. Rxd7 {[%emt 0:00:22]} Rf8 {[%emt 0:02:07]} 49. Rcc7 {[%emt 0:00:55]} Rf6 {[%emt 0:01:19]} 50. Qg4 {[%emt 0:01:02]} h5 {[%emt 0:01:29]} 51. Qxh5+ {[%emt 0:00:40]} Rh6 {[%emt 0:00:11]} 52. Qxh6+ {[%emt 0:01:25]} 1-0

[Event "XII Figueira da Foz Open 2018"]
[Site "Figueira da Foz"]
[Date "2018.10.30"]
[Round "3"]
[White "Gama, Joao Goncalo Cereje"]
[Black "Soares, Sara Joana De Moura"]
[Result "1-0"]
[WhiteElo "1598"]
[BlackElo "1481"]
[Annotator "NA RC"]
[PlyCount "105"]
[EventDate "2018.10.30"]
[EventType "swiss"]
[EventCountry "POR"]
[SourceTitle "playchess.com"]
[Source "ChessBase"]
[SourceQuality "1"]
[TimeControl "40/5400+30:1800+30"]

1. e4 {[%emt 0:00:00]} e5 {[%emt 0:00:00]} 2. Nf3 {[%emt 0:00:00]} Nc6 {[%emt 0:00:17]} 3. Bc4 {[%emt 0:00:00]} Bc5 {[%emt 0:00:13]} 4. c3 {[%emt 0:00:08]} Nf6 {[%emt 0:00:19]} 5. d3 {[%emt 0:00:28]} d6 {[%emt 0:00:42]} 6. Bb3 {[%emt 0:00:28]} O-O {[%emt 0:01:32]} 7. O-O {[%emt 0:00:44]} Bb6 {[%emt 0:03:07]} 8. Nbd2 {[%emt 0:03:49]} a6 {[%emt 0:02:35]} 9. Nc4 {[%emt 0:07:07]} Ba7 {[%emt 0:00:39]} 10. Ne3 {[%emt 0:02:42]} Nh5 {[%emt 0:12:20]} 11. Nd5 {[%emt 0:07:47]} h6 {[%emt 0:04:37]} 12. d4 {[%emt 0:09:44]} Nf6 {[%emt 0:07:26]} 13. Re1 {[%emt 0:06:32]} Bg4 {[%emt 0:06:13]} 14. h3 {[%emt 0:00:23]} Bh5 {[%emt 0:01:48]} 15. Qd3 {[%emt 0:02:53]} exd4 {[%emt 0:07:57]} 16. Nxd4 {[%emt 0:08:42]} Ne5 {[%emt 0:03:45]} 17. Qg3 {[%emt 0:00:17]} Bg6 {[%emt 0:03:23]} 18. f4 {[%emt 0:12:59]} Nh5 {[%emt 0:04:07]} 19. Qe3 {[%emt 0:02:53]} c5 {[%emt 0:04:39]} 20. fxe5 {[%emt 0:03:16]} cxd4 {[%emt 0:00:31]} 21. cxd4 {[%emt 0:00:14]} dxe5 {[%emt 0:00:50]} 22. Kh1 {[%emt 0:00:40]} Bxd4 {[%emt 0:01:59]} 23. Qf3 {[%emt 0:00:54]} Qh4 {[%emt 0:07:06]} 24. Bd2 {[%emt 0:02:14]} Bxe4 {[%emt 0:03:52]} 25. Rxe4 {[%emt 0:03:14]} Ng3+ {[%emt 0:00:20]} 26. Kh2 {[%emt 0:00:10]} Nxe4 {[%emt 0:00:19]} 27. Be1 {[%emt 0:02:42]} Bf2 {[%emt 0:08:38]} 28. g3 {[%emt 0:00:43]} Bxg3+ {[%emt 0:00:16]} 29. Bxg3 {[%emt 0:00:49]} Nxg3 {[%emt 0:00:35]} 30. Qxg3 {[%emt 0:00:32]} Qxg3+ {[%emt 0:01:44]} 31. Kxg3 {[%emt 0:00:33]} Kh8 {[%emt 0:00:57]} 32. Re1 {[%emt 0:03:17]} Rae8 {[%emt 0:02:32]} 33. Nb6 {[%emt 0:02:38]} Re7 {[%emt 0:02:25]} 34. Nc4 {[%emt 0:02:37]} e4 {[%emt 0:01:12]} 35. Kf4 {[%emt 0:05:24]} f5 {[%emt 0:03:06]} 36. h4 {[%emt 0:00:17]} g6 {[%emt 0:01:58]} 37. Rg1 {[%emt 0:01:57]} Kg7 {[%emt 0:00:47]} 38. Ne3 {[%emt 0:02:57]} Kh7 {[%emt 0:01:18]} 39. Nd5 {[%emt 0:01:09]} Rd7 {[%emt 0:01:29]} 40. Ke5 {[%emt 0:00:00]} Rdd8 {[%emt 0:00:00]} 41. Nf6+ {[%emt 0:04:09]} Kg7 {[%emt 0:02:22]} 42. Nh5+ {[%emt 0:00:30]} Kh7 {[%emt 0:00:36]} 43. Nf4 {[%emt 0:00:41]} Rde8+ {[%emt 0:04:13]} 44. Be6 {[%emt 0:01:05]} Rg8 {[%emt 0:02:56]} 45. Nd5 {[%emt 0:01:34]} Rgf8 {[%emt 0:12:22]} 46. Nf6+ {[%emt 0:03:22]} Rxf6 {[%emt 0:00:22]} 47. Kxf6 {[%emt 0:00:07]} e3 {[%emt 0:00:12]} 48. Bf7 {[%emt 0:01:43]} Rf8 {[%emt 0:06:06]} 49. Ke7 {[%emt 0:01:42]} Rc8 {[%emt 0:01:36]} 50. Bxg6+ {[%emt 0:00:46]} Kh8 {[%emt 0:00:18]} 51. Bxf5 {[%emt 0:01:07]} Rc5 {[%emt 0:00:29]} 52. Kf6 {[%emt 0:00:57]} Rd5 {[%emt 0:02:36]} 53. Re1 {[%emt 0:01:58]} 1-0

[Event "XII Figueira da Foz Open 2018"]
[Site "Figueira da Foz"]
[Date "2018.10.30"]
[Round "3"]
[White "Bouxo, Luis Antonio Maximi"]
[Black "Fernandes, Joao Pedro Murtinho"]
[Result "0-1"]
[WhiteElo "1585"]
[BlackElo "2067"]
[Annotator "NA RC"]
[PlyCount "70"]
[EventDate "2018.10.30"]
[EventType "swiss"]
[EventCountry "POR"]
[SourceTitle "playchess.com"]
[Source "ChessBase"]
[SourceQuality "1"]
[TimeControl "40/5400+30:1800+30"]

{[%evp 8,68,88,32767,32767,32767,32767,32767,32767,32767,37,32767,32767,41,48,11,26,-10,10,0,-6,4,33,32767,75,-14,-12,-9,0,-9,32767,32767,32767,32767,32767,32767,32767,32767,32767,15,91,90,61,-529,-323,-314,-325,-398,-430,-541,-576,-572,-556,-1029,-1088,-1183,-1640,-1543,-1631,-1820,32767,-3028,-2466]} 1. d4 {[%emt 0:00:00]} Nf6 {[%emt 0:00:00]} 2. c4 {[%emt 0:00:17]} c5 {[%emt 0:00:02]} 3. d5 {[%emt 0:00:57]} e6 {[%emt 0:00:11]} 4. Nc3 {[%emt 0:01:20]} exd5 {[%emt 0:00:09]} 5. cxd5 {[%emt 0:00:08]} d6 {[%emt 0:00:06]} 6. e4 {[%emt 0:03:56]} g6 {[%emt 0:00:33]} 7. Be2 {[%emt 0:03:40]} Bg7 {[%emt 0:00:12]} 8. Nf3 {[%emt 0:09:45]} O-O {[%emt 0:00:23]} 9. O-O {[%emt 0:00:17]} Re8 {[%emt 0:00:21]} 10. Nd2 {[%emt 0:02:59]} Nbd7 {[%emt 0:05:02]} 11. Qc2 {[%emt 0:04:29]} a6 {[%emt 0:05:26] LiveBook: 20 Games} 12. Nc4 {[%emt 0:04:00]} Nb6 {[%emt 0:07:10]} 13. Ne3 {[%emt 0:04:08]} Qe7 $146 {[%emt 0:02:23] A77: Modern Benoni: Classical: 9...Re8 10 Nd2: 10...a6 and 10...Nbd7} ({Predecessor:} 13... Nbd7 14. a4 Ne5 15. h3 g5 16. f3 Bd7 17. Nc4 Nxc4 18. Bxc4 Nh5 19. Be3 Be5 20. Bf2 Qf6 21. Be3 {0-1 (28) Dobai,S (2098)-Parkanyi,A (2352) Miskolc 2002}) 14. f3 {[%emt 0:02:03]} Nbd7 {[%emt 0:03:44]} 15. a4 {[%emt 0:02:45]} Ne5 {[%emt 0:05:49]} (15... Nh5 $11 {hält das Gleichgewicht.}) 16. Nc4 {[%emt 0:03:55]} (16. a5 $16) 16... Nxc4 {[%emt 0:03:35]} 17. Bxc4 {[%emt 0:00:11]} Nh5 {[%emt 0:01:11]} 18. g4 {[%emt 0:05:47]} Nf6 {[%emt 0:09:14]} 19. Bg5 {[%emt 0:01:27]} Qe5 {[%emt 0:03:33]} 20. Qd2 {[%emt 0:03:26]} h5 {[%emt 0:01:49]} 21. h3 {[%emt 0:02:34]} Nh7 {[%emt 0:09:11]} 22. Bf4 {[%emt 0:01:56]} Qe7 {[%emt 0:00:28]} 23. Qh2 {[%emt 0:01:17]} Qf6 {[%emt 0:07:54]} (23... Rd8 $11 {keeps the balance.}) 24. Rad1 {[%emt 0:02:34]} Ng5 {[%emt 0:01:54]} 25. Be2 $2 {[%emt 0:03:20]} (25. Kg2 $14 {stays ahead.} Nxf3 26. Rxf3 hxg4 27. Re3 (27. hxg4 Bxg4 28. Be2 Bxf3+ 29. Bxf3 Rad8 $16)) 25... Nxh3+ {[%emt 0:00:14]} 26. Qxh3 {[%emt 0:04:52]} Qxf4 {[%emt 0:00:05]} 27. Qg2 {[%emt 0:02:14]} Bd4+ {[%emt 0:01:02]} 28. Rxd4 {[%emt 0:05:26]} cxd4 {[%emt 0:00:05]} 29. Nd1 {[%emt 0:04:00]} hxg4 {[%emt 0:00:29]} 30. Bd3 {[%emt 0:01:36]} g3 {[%emt 0:00:38]} 31. Re1 {[%emt 0:06:11]} Re5 {[%emt 0:01:20]} 32. Bf1 {[%emt 0:04:08]} Bd7 {[%emt 0:00:53]} 33. b3 {[%emt 0:01:41]} Rh5 {[%emt 0:01:07]} 34. Qe2 {[%emt 0:06:22]} Rh2 $19 {[%emt 0:01:16]} 35. Bg2 {[%emt 0:01:18]} Bh3 {[%emt 0:00:18] Kh1} 0-1

[Event "XII Figueira da Foz Open 2018"]
[Site "Figueira da Foz"]
[Date "2018.10.30"]
[Round "3"]
[White "Moes Joaquim, Carlos"]
[Black "Dong, Fabio"]
[Result "1/2-1/2"]
[WhiteElo "1415"]
[BlackElo "1273"]
[Annotator "NA RC"]
[PlyCount "95"]
[EventDate "2018.10.30"]
[EventType "swiss"]
[EventCountry "POR"]
[SourceTitle "playchess.com"]
[Source "ChessBase"]
[SourceQuality "1"]
[TimeControl "40/5400+30:1800+30"]

1. d4 {[%emt 0:00:00]} Nf6 {[%emt 0:00:00]} 2. c4 {[%emt 0:00:00]} e6 {[%emt 0:00:00]} 3. Nc3 {[%emt 0:00:14]} Bb4 {[%emt 0:00:00]} 4. Qc2 {[%emt 0:00:35]} O-O {[%emt 0:00:05]} 5. Nf3 {[%emt 0:00:18]} c5 {[%emt 0:01:16]} 6. a3 {[%emt 0:01:34]} Bxc3+ {[%emt 0:00:13]} 7. Qxc3 {[%emt 0:00:14]} b6 {[%emt 0:05:40]} 8. e3 {[%emt 0:03:28]} d6 {[%emt 0:01:16]} 9. Be2 {[%emt 0:00:22]} Bb7 {[%emt 0:00:11]} 10. O-O {[%emt 0:00:49]} Nbd7 {[%emt 0:01:38]} 11. Rd1 {[%emt 0:02:35]} Qc7 {[%emt 0:00:32]} 12. b3 {[%emt 0:02:08]} Ne4 {[%emt 0:03:01]} 13. Qc2 {[%emt 0:00:22]} Ndf6 {[%emt 0:00:24]} 14. Bb2 {[%emt 0:01:30]} Rfd8 {[%emt 0:11:38]} 15. Nd2 {[%emt 0:00:10]} Rac8 {[%emt 0:02:47]} 16. f3 {[%emt 0:05:49]} Nxd2 {[%emt 0:03:01]} 17. Qxd2 {[%emt 0:04:22]} d5 {[%emt 0:05:15]} 18. Rac1 {[%emt 0:03:10]} Qe7 {[%emt 0:03:58]} 19. Bd3 {[%emt 0:02:12]} h6 {[%emt 0:09:25]} 20. Bb1 {[%emt 0:01:50]} cxd4 {[%emt 0:06:41]} 21. exd4 {[%emt 0:01:44]} Rc7 {[%emt 0:08:53]} 22. a4 {[%emt 0:12:18]} Qd6 {[%emt 0:03:55]} 23. Qe3 {[%emt 0:05:52]} Rdc8 {[%emt 0:03:54]} 24. c5 {[%emt 0:05:54]} bxc5 {[%emt 0:00:31]} 25. dxc5 {[%emt 0:00:19]} Rxc5 {[%emt 0:00:40]} 26. Rxc5 {[%emt 0:03:06]} Qxc5 {[%emt 0:00:55]} 27. Bd4 {[%emt 0:00:21]} Qb4 {[%emt 0:03:59]} 28. h4 {[%emt 0:12:39]} a6 {[%emt 0:01:08]} 29. g4 {[%emt 0:02:04]} Qe7 {[%emt 0:01:41]} 30. Kf2 {[%emt 0:01:01]} Nd7 {[%emt 0:02:02]} 31. Kg3 {[%emt 0:00:52]} e5 {[%emt 0:01:20]} 32. Bf5 {[%emt 0:01:49]} Re8 {[%emt 0:01:18]} 33. Re1 {[%emt 0:05:31]} f6 {[%emt 0:01:05]} 34. Bg6 {[%emt 0:01:10]} Rf8 {[%emt 0:01:21]} 35. Kh3 {[%emt 0:05:22]} Qd8 {[%emt 0:02:32]} 36. Bb2 {[%emt 0:00:34]} d4 {[%emt 0:00:12]} 37. Qd3 {[%emt 0:00:53]} Nb6 {[%emt 0:02:04]} 38. Ba3 {[%emt 0:01:26]} Nd5 {[%emt 0:02:19]} 39. Bc1 {[%emt 0:02:08]} Nf4+ {[%emt 0:01:24]} 40. Bxf4 {[%emt 0:00:00]} exf4 {[%emt 0:00:00]} 41. b4 {[%emt 0:03:50]} Qd5 {[%emt 0:01:26]} 42. Be4 {[%emt 0:01:03]} Qd7 {[%emt 0:00:24]} 43. b5 {[%emt 0:01:20]} axb5 {[%emt 0:01:47]} 44. axb5 {[%emt 0:00:09]} Bxe4 {[%emt 0:00:53]} 45. Rxe4 {[%emt 0:02:14]} Rb8 {[%emt 0:00:45]} 46. Rxd4 {[%emt 0:01:59]} Qxb5 {[%emt 0:00:20]} 47. Qxb5 {[%emt 0:11:45]} Rxb5 {[%emt 0:00:08]} 48. Rxf4 {[%emt 0:00:12]} 1/2-1/2

[Event "XII Figueira da Foz Open 2018"]
[Site "Figueira da Foz"]
[Date "2018.10.30"]
[Round "3"]
[White "Goncalves, Lucas Jordao"]
[Black "Sismeiro, Miguel"]
[Result "0-1"]
[WhiteElo "1401"]
[BlackElo "2008"]
[Annotator "NA RC"]
[PlyCount "102"]
[EventDate "2018.10.30"]
[EventType "swiss"]
[EventCountry "POR"]
[SourceTitle "playchess.com"]
[Source "ChessBase"]
[SourceQuality "1"]
[TimeControl "40/5400+30:1800+30"]

1. e4 {[%emt 0:00:00]} e5 {[%emt 0:00:00]} 2. Nf3 {[%emt 0:00:00]} Nc6 {[%emt 0:00:00]} 3. Bc4 {[%emt 0:00:00]} Bc5 {[%emt 0:00:16]} 4. c3 {[%emt 0:00:03]} Nf6 {[%emt 0:00:06]} 5. d3 {[%emt 0:00:06]} d6 {[%emt 0:01:15] LiveBook: 2663 Games} 6. Nbd2 {[%emt 0:00:35]} O-O {[%emt 0:00:31]} 7. O-O {[%emt 0:00:10]} a6 {[%emt 0:00:47]} 8. a4 {[%emt 0:00:06]} Ba7 {[%emt 0:00:53]} 9. h3 {[%emt 0:00:22]} Ne7 {[%emt 0:02:09]} 10. Re1 {[%emt 0:01:07]} Ng6 {[%emt 0:02:37] C54: Italienische Partie (Hauptvariante)} 11. Nf1 {[%emt 0:01:16]} Be6 {[%emt 0:01:54]} 12. Bxe6 {[%emt 0:00:35]} fxe6 {[%emt 0:00:05]} 13. Ne3 $146 {[%emt 0:00:15]} ({Vorgänger:} 13. Ng3 h6 14. d4 Nd7 15. Be3 Qe7 16. a5 Kh7 17. Nd2 Rf7 18. Nc4 {½-½ (57) Caruana,F (2822)-Nakamura,H (2769) Stavanger 2018}) 13... Qe8 {[%emt 0:10:25]} 14. Nf1 {[%emt 0:05:16]} Nh5 {[%emt 0:09:49]} 15. Be3 {[%emt 0:00:36]} Nhf4 {[%emt 0:03:06]} 16. Bxa7 {[%emt 0:01:10]} Rxa7 {[%emt 0:00:04]} 17. Ne3 $2 {[%emt 0:00:19] [#]} (17. Kh2 $14 {bleibt weiter vorne.}) 17... Qf7 $1 {[%emt 0:04:00]} 18. Kh2 {[%emt 0:04:32]} (18. Nh2 $17) 18... Nxg2 {[%emt 0:09:28]} 19. Kxg2 {[%emt 0:00:15]} Qxf3+ $1 {[%emt 0:00:07]} 20. Qxf3 {[%emt 0:00:15]} Nh4+ {[%emt 0:00:04]} 21. Kg3 {[%emt 0:00:37]} Nxf3 {[%emt 0:00:13]} 22. Red1 {[%emt 0:00:14]} g5 {[%emt 0:01:58]} 23. Ng2 {[%emt 0:01:54]} c5 {[%emt 0:05:27]} (23... Raa8 $19 {and Black stays clearly on top.} 24. b4 h5) 24. b4 {[%emt 0:01:15]} (24. a5 $17 {keeps fighting.}) 24... cxb4 {[%emt 0:00:12]} 25. cxb4 {[%emt 0:00:07]} Nd4 {[%emt 0:00:11]} 26. Ne3 {[%emt 0:01:55]} Raa8 {[%emt 0:04:11]} 27. Ra2 {[%emt 0:02:08]} Kf7 {[%emt 0:07:49]} 28. Nc4 {[%emt 0:01:01]} Ke7 {[%emt 0:00:04]} 29. Nb6 {[%emt 0:00:18]} Rf3+ {[%emt 0:01:35]} 30. Kg2 {[%emt 0:02:31]} Raf8 {[%emt 0:00:12]} 31. Nc4 {[%emt 0:05:23]} h5 {[%emt 0:06:17]} 32. b5 {[%emt 0:01:38]} axb5 {[%emt 0:05:49]} 33. axb5 {[%emt 0:01:19]} Nb3 {[%emt 0:04:44]} 34. Rb1 {[%emt 0:06:56]} (34. Ra7 $17) 34... Rxd3 {[%emt 0:04:02]} 35. Ra7 {[%emt 0:03:32]} Nc5 {[%emt 0:00:39]} 36. Na5 {[%emt 0:00:33]} Rd2 {[%emt 0:03:19]} 37. Rf1 {[%emt 0:00:19]} (37. Nxb7 {was necessary.} Rfxf2+ 38. Kg1) 37... Nxe4 {[%emt 0:08:09]} 38. Rxb7+ {[%emt 0:00:10] [#]} Kf6 $1 {[%emt 0:00:05]} 39. Rc7 {[%emt 0:00:29]} (39. b6 {was worth a try.}) 39... Rb2 {[%emt 0:00:39]} 40. Rb7 $2 {[%emt 0:00:00]} (40. Nc4 Rb3 41. b6) 40... Rc8 {[%emt 0:00:00]} 41. b6 {[%emt 0:04:41]} Rc5 {[%emt 0:04:30]} 42. Ra1 {[%emt 0:01:00]} Rxf2+ {[%emt 0:00:13]} 43. Kg1 {[%emt 0:00:06]} Rc3 {[%emt 0:06:25]} 44. Rc7 {[%emt 0:00:19]} Rg3+ {[%emt 0:00:28]} 45. Kh1 {[%emt 0:00:06]} Rxh3+ {[%emt 0:00:15]} 46. Kg1 {[%emt 0:00:12]} Rg3+ {[%emt 0:00:09]} 47. Kh1 {[%emt 0:00:16]} Rgg2 {[%emt 0:00:07]} 48. Ra3 {[%emt 0:00:26]} Rh2+ {[%emt 0:00:28]} 49. Kg1 {[%emt 0:00:08]} Rfg2+ {[%emt 0:00:12]} 50. Kf1 {[%emt 0:00:05]} Nd2+ {[%emt 0:00:10]} 51. Ke1 {[%emt 0:00:10]} Rh1# {[%emt 0:00:07]} 0-1